Wymień biblijne księgi deuterokanoniczne - Statystyki

Ogólne statystyki
  • Ten quiz został rozwiązany 30 razy
  • Średni wynik to 6 z 8
Statystyki odpowiedzi
Podpowiedź:
Kolejność w BT
Nazwa % Poprawnych
18 Księga Judyty
80%
17 Księga Tobiasza
76%
20 1 Księga Machabejska
72%
21 2 Księga Machabejska
72%
27 Księga Mądrości
72%
28 Mądrość Syracha
72%
32 Księga Barucha
64%
19 Księga Estery
56%
Nie znaleziono quizów pasujących do podanych kryteriów
Rozkład punktacji
Procent ludzi z każdym wynikiem
Percentyl według liczby udzielonych odpowiedzi
Twoja historia wyników
Nie rozwiązałeś tego quizu